Catalog

Record Details

Catalog Search



Demon slayer = Kimetsu no yaiba. The demon slayer ... Read More

Gotoge, Koyoharu, 1988-(author,, illustrator.).
Werry, John (Translator),(translator.). Stan!, 1964-(adapter.). ... Read More
Series: Demon slayer ; 6

Available copies

  • 2 of 2 copies available at LARL/NWRL Consortium.
  • 2 of 2 copies available at Lake Agassiz Regional Library. (Show preferred library)

Current holds

0 current holds with 2 total copies.

Show Only Available Copies
Location Call Number / Copy Notes Barcode Shelving Location Status Due Date
Crookston Public Library Y G GOT (Text) 33500013635438 Main Available -
Crookston Public Library Y G GOT (Text) 33500014289615 Main Available -

Record details

  • ISBN: 9781974700578
  • ISBN: 1974700577
  • Physical Description: 197 pages : chiefly illustrations ; 19 cm.
  • Edition: Shonen Jump edition.
  • Publisher: San Francisco, CA : VIZ Media LLC, [2019]

Content descriptions

General Note:
Reads from right to left.
"First published in Japan in 2016 by SHUEISHA Inc., Tokyo"--Colophon.
Parental advisory: "[R]ecommended for ages 13 and up. This volume contains realistic and fantasy ... Read More
Summary, etc.:
"In Taisho-era Japan, Tanjiro Kamado is a ... Read More
Target Audience Note:
Rated T for Teen.
Language Note:
Translated from the Japanese.
Subject: Demonology > Comic books, strips, etc.
Brothers and sisters > Comic books, strips, etc.
Good and evil > Comic books, strips, etc.
Revenge > Comic books, strips, etc.
Japan > History > Taishō period, 1912-1926 > Comic books, strips, etc.
Demonology > Fiction.
Brothers and sisters > Fiction.
Revenge > Fiction.
Japan > History > Taishō period, 1912-1926 > Fiction.
Revenge.
Good and evil.
Demonology.
Brothers and sisters.
Japan.
Demonology > Comic books, strips, etc.
Siblings > Comic books, strips, etc.
Revenge > Comic books, strips, etc.
Demonology > Fiction.
Siblings > Fiction.
Revenge > Fiction.
Japan > History.
Japan > History > Fiction.
Genre: Young adult fiction.
adventure story comics.
Young adult works.
Fiction.
Paranormal fiction.
History.
Historical comics.
Fantasy comics.
Comics (Graphic works)
Action and adventure comics.
Graphic novels.
Graphic novels.
Comics (Graphic works)
Graphic novels.
Fantasy comics.
Paranormal fiction.
Historical comics.
Action and adventure comics.
LDR 05985cam a22012378i 4500
001394824
003LARL_NWRL_CONSORTIUM
00520220729154933.0
008180920t20192016caua d 6 000 1 eng d
040 . ‡aUKMGB ‡beng ‡erda ‡cUKMGB ‡dOCLCO ‡dMLSOD ‡dBDX ‡dOCJ ‡dOCLCF ‡dOCLCO ‡dUKMGB ‡dOCLCO ‡dIV7 ‡dOCLCO ‡dOCLCQ ‡dOCLCO ‡dJQW ‡dUAP ‡dNZAUC ‡dNYP ‡dLMJ ‡dNTG ‡dOCL ‡dUAH ‡dEHH ‡dIUK ‡dTXGPM ‡dOCLCO ‡dANK ‡dDZM ‡dATMAZ ‡dIHX ‡dOCLCO ‡dOCL ‡dOCLCO ‡dTXSCH ‡dOCLCO
015 . ‡aGBB943649 ‡2bnb
0167 . ‡a019283148 ‡2Uk
0167 . ‡a019116673 ‡2Uk
0167 . ‡a019212009 ‡2Uk
019 . ‡a1077745365 ‡a1099964353 ‡a1103121774 ‡a1134982332
020 . ‡a9781974700578 ‡q(paperback)
020 . ‡a1974700577 ‡q(paperback)
035 . ‡a(OCoLC)1079248915 ‡z(OCoLC)1077745365 ‡z(OCoLC)1099964353 ‡z(OCoLC)1103121774 ‡z(OCoLC)1134982332
0411 . ‡aeng ‡hjpn
043 . ‡aa-ja---
08204. ‡a741.5/952 ‡223
1001 . ‡aGotoge, Koyoharu, ‡d1988- ‡eauthor, ‡eillustrator.
24010. ‡aKimetsu no yaiba. ‡lEnglish
24510. ‡aDemon slayer = ‡bKimetsu no yaiba. ‡pThe demon slayer corps gathers / ‡cstory and art by Koyoharu Gotouge ; translation, John Werry ; English adaptation, Stan! ; touch-up & lettering, John Hunt.
24630. ‡aDemon slayer corps gathers
250 . ‡aShonen Jump edition.
264 1. ‡aSan Francisco, CA : ‡bVIZ Media LLC, ‡c[2019]
264 4. ‡c©2016
300 . ‡a197 pages : ‡bchiefly illustrations ; ‡c19 cm.
336 . ‡atext ‡btxt ‡2rdacontent
336 . ‡astill image ‡bsti ‡2rdacontent
337 . ‡aunmediated ‡bn ‡2rdamedia
338 . ‡avolume ‡bnc ‡2rdacarrier
4900 . ‡aDemon slayer ; ‡v6
546 . ‡aTranslated from the Japanese.
500 . ‡aReads from right to left.
500 . ‡a"First published in Japan in 2016 by SHUEISHA Inc., Tokyo"--Colophon.
500 . ‡aParental advisory: "[R]ecommended for ages 13 and up. This volume contains realistic and fantasy violence"--Page facing title page.
520 . ‡a"In Taisho-era Japan, Tanjiro Kamado is a kindhearted boy who makes a living selling charcoal. But his peaceful life is shattered when a demon slaughters his entire family. His little sister Nezuko is the only survivor, but she has been transformed into a demon herself! Tanjiro sets out on a dangerous journey to find a way to return his sister to normal and destroy the demon who ruined his life... The members of the Demon Slayer Corps are sworn to destroy demons wherever they find them--but the condition of Tanjiro's sister, Nezuko, is a problem. What will the Hashira--the leaders of the Demon Slayer Corps--do about Tanjiro protecting his own demonic sister? Meanwhile, Kibutsuji assembles his own minions and intensifies his search for Tanjiro..."--Provided by publisher.
5218 . ‡aRated T for Teen.
650 0. ‡aDemonology ‡vComic books, strips, etc.
650 0. ‡aBrothers and sisters ‡vComic books, strips, etc.
650 0. ‡aGood and evil ‡vComic books, strips, etc. ‡0(LARL_NWRL_CONSORTIUM)172338
650 0. ‡aRevenge ‡vComic books, strips, etc.
651 0. ‡aJapan ‡xHistory ‡yTaishō period, 1912-1926 ‡vComic books, strips, etc.
650 1. ‡aDemonology ‡vFiction. ‡0(LARL_NWRL_CONSORTIUM)168972
650 1. ‡aBrothers and sisters ‡vFiction. ‡0(LARL_NWRL_CONSORTIUM)163634
650 1. ‡aRevenge ‡vFiction. ‡0(LARL_NWRL_CONSORTIUM)167017
651 1. ‡aJapan ‡xHistory ‡yTaishō period, 1912-1926 ‡vFiction.
650 7. ‡aRevenge. ‡2fast ‡0(LARL_NWRL_CONSORTIUM)29769
650 7. ‡aGood and evil. ‡2fast ‡0(LARL_NWRL_CONSORTIUM)21378
650 7. ‡aDemonology. ‡2fast ‡0(LARL_NWRL_CONSORTIUM)18386
650 7. ‡aBrothers and sisters. ‡2fast ‡0(LARL_NWRL_CONSORTIUM)15444
651 7. ‡aJapan. ‡2fast ‡0(LARL_NWRL_CONSORTIUM)178447
650 7. ‡aDemonology ‡vComic books, strips, etc. ‡2sears
650 7. ‡aSiblings ‡vComic books, strips, etc. ‡2sears
650 7. ‡aRevenge ‡vComic books, strips, etc. ‡2sears
650 7. ‡aDemonology ‡vFiction. ‡2sears ‡0(LARL_NWRL_CONSORTIUM)168972
650 7. ‡aSiblings ‡vFiction. ‡2sears
650 7. ‡aRevenge ‡vFiction. ‡2sears ‡0(LARL_NWRL_CONSORTIUM)167017
651 7. ‡aJapan ‡xHistory. ‡2sears ‡0(LARL_NWRL_CONSORTIUM)178448
651 7. ‡aJapan ‡xHistory ‡vFiction. ‡2sears
648 7. ‡a1912-1926 ‡2fast
655 0. ‡aYoung adult fiction.
655 7. ‡aadventure story comics. ‡2aat
655 7. ‡aYoung adult works. ‡2fast
655 7. ‡aFiction. ‡2fast
655 7. ‡aParanormal fiction. ‡2fast
655 7. ‡aHistory. ‡2fast
655 7. ‡aHistorical comics. ‡2fast
655 7. ‡aFantasy comics. ‡2fast
655 7. ‡aComics (Graphic works) ‡2fast
655 7. ‡aAction and adventure comics. ‡2fast
655 7. ‡aGraphic novels. ‡2fast
655 7. ‡aGraphic novels. ‡2gsafd
655 7. ‡aComics (Graphic works) ‡2lcgft
655 7. ‡aGraphic novels. ‡2lcgft
655 7. ‡aFantasy comics. ‡2lcgft
655 7. ‡aParanormal fiction. ‡2lcgft
655 7. ‡aHistorical comics. ‡2lcgft
655 7. ‡aAction and adventure comics. ‡2lcgft
7001 . ‡aWerry, John ‡c(Translator), ‡etranslator.
7000 . ‡aStan!, ‡d1964- ‡eadapter. ‡0(LARL_NWRL_CONSORTIUM)205833
7001 . ‡aHunt, John, ‡d1972- ‡eletterer.
905 . ‡uvanderl
901 . ‡a394824 ‡b ‡c394824 ‡tbiblio ‡soclc

Additional Resources